| 000 | 01304nam a22002777a 4500 | ||
|---|---|---|---|
| 005 | 20170405145132.0 | ||
| 008 | 140714b xxu||||| |||| 00| 0 Urdu d | ||
| 010 | _aUR-89 B-547926 B-665870 | ||
| 020 |
_a9789350731970 _c400.00 |
||
| 035 | _aU-89 B-547926 B-665870 | ||
| 037 | _bBPPD/Pub/Ven | ||
| 037 | _bPansy Books(Vend.)/Edu.Pub.House(Pub.) | ||
| 040 |
_aDPL _bUrdu |
||
| 082 | _a 840.8 | ||
| 100 | _aحسر ت مو ہا نی | ||
| 245 |
_aنکا ت سخن _cحسر ت مو ہا نی |
||
| 246 |
_aNikat-e- Sukhan _bby Hasrat Mohani |
||
| 260 |
_aد ھلی _bا يجو کيشنل پبليشنگ ہا ؤس _c2014 |
||
| 260 | _bPansy Books(Vender) | ||
| 270 |
_a3108،و کيل اسٹر يٹ ،کو چہ پنڈ ت ،لال کنو ا ن _bد ھلی _e110006 _k23216162،23214465 |
||
| 270 |
_aR2,/66/A Somesh Vihar,Chhawala _bNew Delhi _e110071 _k01125317355 |
||
| 300 |
_a296ص _c22Cm (Hb) |
||
| 942 |
_2ddc _cUR _e _h 840.8 _mح س ر |
||
| 999 |
_c87270 _d87270 |
||